Die Rolle der verbalen und nonverbalen Kommunikation bei dem Dolmetschprozess diplomová práca

Enregistré dans:
Détails bibliographiques
Auteur principal: Petríková, Lucia
Collectivité auteur: Fakulta aplikovaných jazykov EU v Bratislave. Katedra jazykovedy a translatológie
Autres auteurs: Seresová, Katarína, 1967-
Format: Livre
Langue:allemand
Publié: Bratislava 2024
Tags: Ajouter un tag
Pas de tags, Soyez le premier à ajouter un tag!

MARC

LEADER 00000nbm a2200000 4500
001 0300568
005 20250919120316.0
041 0 |a ger 
044 |a SK 
245 1 0 |a Die Rolle der verbalen und nonverbalen Kommunikation bei dem Dolmetschprozess  |b diplomová práca  |c Lucia Petríková ; školiteľ: Katarína Seresová 
264 1 |a Bratislava  |c 2024 
300 |a 69 s. 
100 1 |a Petríková, Lucia 
700 1 |a Seresová, Katarína, 1967- 
710 2 |a Fakulta aplikovaných jazykov EU v Bratislave. Katedra jazykovedy a translatológie